| 000 | 00669cam a2200229 4500 | ||
|---|---|---|---|
| 001 | sa 68013824 | ||
| 003 | DLC | ||
| 005 | 20260227112626.0 | ||
| 008 | 691205s1968 ii 00010beng | ||
| 010 | _asa 68013824 //r91 | ||
| 025 | _aPL480:I-E-10685 | ||
| 040 |
_aDLC _cDLC _dDLC |
||
| 050 | 0 | 0 |
_aBL1146.M322 _bE25 |
| 082 | 0 | 0 | _a294.5/6/10924 |
| 100 | 1 | 0 |
_aEbon, Martin, _ecomp. |
| 245 | 1 | 0 |
_aMaharishi, the Guru; _ban international symposium. _cEdited by Martin Ebon. |
| 250 | _a[Indian ed. | ||
| 260 | 0 |
_aBombay] _bPearl Books; [sole distributors: Indian Book House, _c1968] |
|
| 300 |
_a164 p. _c18 cm. |
||
| 350 | _a3.00 | ||
| 600 | 0 | 0 |
_aMahesh Yogi, _cMaharishi. |
| 999 |
_c85376 _d85376 |
||